00660nam a22001937a 450000500170000001000130001702000270003003500130005703700210007008200170009110000200010824500830012824600360021126000280024727000500027530000170032550000130034252001110035520120814110625.0 aB-457221 a9788190193603c3500.00 aB-457221 adplbK.K.Pub/Ven a793.31954092 aChandran, Geeta aSo many journeys/cby Bharatanatyam dancer, Geeta chandran with Rajiv Chandran aBharatanatyam, so many journeys aNew DelhibNiyogi Books ad-78 okhla industrial area phase-1bNew Delhi a218p. c30cm apictures aAutobiographical account of Geeta Chandran, an Indian classical dance form exponent, on her life and work.